[Event "RSA-chT U20"]
[Site "Boksburg"]
[Date "2018.01.07"]
[Round "6.1"]
[White "Ndlovu, Sizwe"]
[Black "Witbooi, Jan"]
[Result "1-0"]
[WhiteElo "1392"]
[BlackElo "1207"]
[PlyCount "65"]
[EventDate "2018.01.04"]
[EventType "team-tourn"]
[EventRounds "7"]
[EventCountry "RSA"]
[SourceTitle "CBM 182 Extra"]
[Source "ChessBase"]
[SourceDate "2018.02.23"]
[SourceVersion "1"]
[SourceVersionDate "2018.02.23"]
[SourceQuality "1"]
[WhiteTeam "Ethekwini U20"]
[BlackTeam "Kenneth Kaunda U20"]
[WhiteTeamCountry "RSA"]
[BlackTeamCountry "RSA"]

1. d4 Nf6 2. c4 e6 3. Nf3 Nc6 4. Nc3 Bb4 5. a3 Bxc3+ 6. bxc3 b6 7. Bg5 h6 8. Bh4 Na5 9. e3 Bb7 10. Be2 Rc8 11. 0-0 Bxf3 12. gxf3 g5 13. Bg3 Nc6 14. Qa4 h5 15. h4 Nh7 16. d5 Na5 17. dxe6 fxe6 18. Rfd1 c6 19. Qc2 Nf8 20. Kh2 gxh4 21. Be5 Rg8 22. f4 Qe7 23. Bxh5+ Kd8 24. Be2 Qf7 25. Rg1 b5 26. Rxg8 Qxg8 27. Rg1 Qf7 28. Rg7 Qf5 29. e4 Qg6 30. Rxg6 Nxg6 31. Bd6 bxc4 32. e5 Nxf4 33. Qh7 1-0

[Event "RSA-chT U20"]
[Site "Boksburg"]
[Date "2018.01.06"]
[Round "5.1"]
[White "Goldberg, Shmuel"]
[Black "Witbooi, Jan"]
[Result "1-0"]
[WhiteElo "1699"]
[BlackElo "1207"]
[PlyCount "87"]
[EventDate "2018.01.04"]
[EventType "team-tourn"]
[EventRounds "7"]
[EventCountry "RSA"]
[SourceTitle "CBM 182 Extra"]
[Source "ChessBase"]
[SourceDate "2018.02.23"]
[SourceVersion "1"]
[SourceVersionDate "2018.02.23"]
[SourceQuality "1"]
[WhiteTeam "Johannesburg Metro U20"]
[BlackTeam "Kenneth Kaunda U20"]
[WhiteTeamCountry "RSA"]
[BlackTeamCountry "RSA"]

1. d4 Nf6 2. c4 e6 3. Nc3 Bb4 4. Nf3 0-0 5. Qc2 b6 6. e3 Bb7 7. Bd3 d5 8. cxd5 exd5 9. Bd2 Re8 10. 0-0 c5 11. dxc5 bxc5 12. a3 Ba5 13. Rfd1 Nc6 14. Na4 c4 15. Bf1 Qc7 16. Nc5 Bxd2 17. Rxd2 Rad8 18. Rad1 Ne5 19. Nxb7 Nxf3+ 20. gxf3 Qxb7 21. Bg2 Qc7 22. f4 Qa5 23. Qf5 Qb5 24. e4 Qd7 25. Qxd7 Rxd7 26. e5 Nh5 27. Rd4 g6 28. Bxd5 Rxd5 29. Rxd5 Nxf4 30. Rd8 Kf8 31. Kf1 Nd3 32. Rxe8+ Kxe8 33. b3 Nxe5 34. Re1 f6 35. f4 cxb3 36. fxe5 fxe5 37. Rxe5+ Kd7 38. Rb5 Kc6 39. Rxb3 a6 40. Rh3 h5 41. Rg3 Kb5 42. Rxg6 a5 43. Rg5+ Ka4 44. Rxh5 1-0

[Event "RSA-chT U20"]
[Site "Boksburg"]
[Date "2018.01.05"]
[Round "3.1"]
[White "Masilela, Mpumi"]
[Black "Witbooi, Jan"]
[Result "1-0"]
[WhiteElo "1099"]
[BlackElo "1207"]
[PlyCount "99"]
[EventDate "2018.01.04"]
[EventType "team-tourn"]
[EventRounds "7"]
[EventCountry "RSA"]
[SourceTitle "CBM 182 Extra"]
[Source "ChessBase"]
[SourceDate "2018.02.23"]
[SourceVersion "1"]
[SourceVersionDate "2018.02.23"]
[SourceQuality "1"]
[WhiteTeam "Mangaung U20"]
[BlackTeam "Kenneth Kaunda U20"]
[WhiteTeamCountry "RSA"]
[BlackTeamCountry "RSA"]

1. c4 Nf6 2. Nc3 e6 3. e3 Nc6 4. Nf3 d5 5. d4 Bb4 6. Bd2 Bxc3 7. Bxc3 Ne4 8. cxd5 exd5 9. Bb5 Bg4 10. Bxc6+ bxc6 11. Bb4 Ng5 12. h3 Nxf3+ 13. gxf3 Bh5 14. Qc2 Qf6 15. f4 Bg6 16. Qc3 Rb8 17. Rc1 Bh5 18. a3 Rb6 19. Ba5 Rb7 20. Qxc6+ Qxc6 21. Rxc6 Rxb2 22. 0-0 0-0 23. Rfc1 Ra2 24. Rxc7 Be2 25. Bb4 Bc4 26. Bxf8 Kxf8 27. Rxa7 g6 28. e4 Rd2 29. exd5 Bxd5 30. Ra4 Rd3 31. Kh2 Rf3 32. Rc5 Rxf2+ 33. Kg1 Rg2+ 34. Kf1 Bf3 35. d5 Rd2 36. Raa5 Ke7 37. Rc7+ Kf8 38. Rd7 Be4 39. Raa7 Bxd5 40. Ke1 Rd3 41. Ke2 Rxh3 42. Rxd5 Rh2+ 43. Kf1 Rh3 44. Kg2 Rb3 45. Rdd7 Rb2+ 46. Kf1 Rb1+ 47. Ke2 Rb2+ 48. Kd1 Rh2 49. Rxf7+ Ke8 50. Rxh7 1-0